[Event "ICS rated blitz match"]
[Site "204.178.125.65"]
[Date "1999.10.16"]
[Round "?"]
[White "Hossa"]
[Black "Secret"]
[Result "0-1"]
[WhiteElo "2486"]
[BlackElo "2750"]
[PlyCount "224"]
[EventDate "1999.??.??"]

1. Nf3 d5 2. c4 c6 3. e3 Nf6 4. d4 Bf5 5. Nc3 e6 6. Be2 h6 7. O-O Nbd7 8. Bd2
Be7 9. Qb3 Qb6 10. Nh4 Qxb3 11. axb3 Bc2 12. Bd1 Bxd1 13. Rfxd1 Ne4 14. Nf3 f5
15. Ra2 Kf7 16. Ne2 g5 17. Ba5 b6 18. Be1 a5 19. Rda1 Rae8 20. h3 Bd6 21. Rd1
Ra8 22. Rb1 Rhg8 23. Rba1 Rac8 24. Ra4 Ndf6 25. b4 g4 26. hxg4 fxg4 27. Ne5+
Bxe5 28. dxe5 Nd7 29. bxa5 bxa5 30. cxd5 exd5 31. Rxa5 Nxe5 32. Ra7+ Kf6 33.
Bc3 Nxc3 34. Nxc3 Nd3 35. b3 Rb8 36. R1a6 Nb4 37. Ra5 Rg7 38. Rxg7 Kxg7 39. Ne2
Kf6 40. Nd4 Rb6 41. Rc5 Ke5 42. Rc3 g3 43. fxg3 Ke4 44. Ne6 Rb8 45. Nc5+ Kf5
46. Rc1 Rb5 47. Na4 h5 48. Rc5 Rb8 49. Rc3 Ra8 50. Kh2 Ke5 51. Kh3 Rg8 52. Nc5
Rg4 53. Rc1 Kd6 54. Kh2 Rg7 55. Na4 Re7 56. Rc3 Ke5 57. Kh3 Kf5 58. Kh4 Ra7 59.
Rc1 Ke4 60. Re1 Nd3 61. Nc3+ Ke5 62. Re2 Rb7 63. Rd2 Ne1 64. Rb2 Rg7 65. Re2
Nd3 66. Kxh5 Rxg3 67. Kh4 Rg8 68. Rd2 Ne1 69. Kh3 Rh8+ 70. Kg3 Rb8 71. Rb2 Rb7
72. Nd1 Nd3 73. Rc2 Kd6 74. Nb2 Nc5 75. b4 Rxb4 76. Kf3 Rb3 77. g4 Nd7 78. g5
Ne5+ 79. Ke2 Ke6 80. Na4 Ra3 81. Nc5+ Kf5 82. Rd2 Rc3 83. Na4 Rc1 84. Rd4 Rc2+
85. Rd2 Rxd2+ 86. Kxd2 Nf3+ 87. Kd3 Nxg5 88. Nc5 Ke5 89. Kc3 Ne4+ 90. Kb4 Kd6
91. Nb3 c5+ 92. Kb5 Nc3+ 93. Kb6 c4 94. Na5 Ne2 95. Nb7+ Ke5 96. Nc5 c3 97.
Nd3+ Ke4 98. Nb4 Ng3 99. Kc6 Nf5 100. Na2 c2 101. Nc1 Nxe3 102. Kb5 d4 103. Kb4
Nd1 104. Nb3 d3 105. Kc5 Ke3 106. Kd5 Nc3+ 107. Kc4 d2 108. Nd4 c1=Q 109. Nf5+
Kf4 110. Nh4 Na4+ 111. Kb5 Qc5+ 112. Kxa4 112... d1=Q# {Hossa checkmated} 0-1

[Event "ICS rated blitz match"]
[Site "204.178.125.65"]
[Date "1999.10.16"]
[Round "?"]
[White "Hossa"]
[Black "Secret"]
[Result "1/2-1/2"]
[WhiteElo "2467"]
[BlackElo "2746"]
[PlyCount "139"]
[EventDate "1999.??.??"]

1. e4 e5 2. Nf3 Nf6 3. Nxe5 d6 4. Nf3 Nxe4 5. c4 Be7 6. Be2 O-O 7. Nc3 f5 8. d4
Be6 9. O-O Nxc3 10. bxc3 Re8 11. Rb1 Nd7 12. d5 Bf7 13. Nd4 Nc5 14. Nxf5 Bf6
15. Be3 Bg6 16. Bg4 Re5 17. Qf3 h5 18. Bh3 Rb8 19. Bd4 Re8 20. Rfe1 Rf8 21.
Bxc5 dxc5 22. Qe3 b6 23. Rbc1 Kh7 24. Qf3 Bg5 25. Rcd1 Rf6 26. Re6 Qf8 27. Rxf6
Qxf6 28. Re1 Rf8 29. Re6 Qf7 30. Re5 Qf6 31. Qe2 Bf4 32. Re6 Qxc3 33. g3 Bg5
34. Ne7 Bxe7 35. Rxe7 Rf7 36. Rxf7 Bxf7 37. Bf5+ g6 38. Be6 Kg8 39. Bxf7+ Kxf7
40. Qe6+ Kg7 41. Qe7+ Kh6 42. Qe3+ Qxe3 43. fxe3 Kg5 44. e4 Kf6 45. Kf2 Ke5 46.
Ke3 b5 47. cxb5 c4 48. a4 g5 49. a5 h4 50. d6 Kxd6 51. gxh4 gxh4 52. Kd4 c3 53.
Kxc3 Kc5 54. e5 Kxb5 55. Kd4 Kc6 56. Kc4 a6 57. Kd4 h3 58. Kc4 Kd7 59. Kd5 c6+
60. Kc5 Ke6 61. Kxc6 Kxe5 62. Kc5 Ke4 63. Kb6 Kf3 64. Kxa6 Kg2 65. Kb6 Kxh2 66.
a6 Kg1 67. a7 h2 68. a8=Q h1=Q 69. Qc6 Qxc6+ 70. Kxc6 {
Game drawn because neither player has mating material} 1/2-1/2

[Event "ICS rated blitz match"]
[Site "204.178.125.65"]
[Date "1999.10.16"]
[Round "?"]
[White "Hossa"]
[Black "Secret"]
[Result "0-1"]
[WhiteElo "2494"]
[BlackElo "2725"]
[PlyCount "112"]
[EventDate "1999.??.??"]

1. e4 c5 2. d4 cxd4 3. c3 Nf6 4. e5 Nd5 5. Nf3 Nc6 6. cxd4 d6 7. Be2 e6 8. Bg5
Qb6 9. Na3 dxe5 10. Nc4 Qc7 11. Nfxe5 h6 12. Nxc6 hxg5 13. N6e5 b5 14. Nd2 a6
15. O-O Bb7 16. Ne4 Be7 17. Bh5 O-O 18. Qd2 Nf4 19. Rac1 Qb6 20. Nd7 Qa7 21.
Rc7 Nxh5 22. Nxf8 Bd8 23. Rd7 Nf6 24. Nc5 Nxd7 25. Nfxd7 Bd5 26. f4 gxf4 27.
Qxf4 f5 28. Qd6 Bc7 29. Qe7 Bb6 30. b3 a5 31. Qg5 Bxc5 32. Nxc5 b4 33. Qe3 Qf7
34. Re1 Qg6 35. Re2 Qf6 36. Nd7 Qd8 37. Ne5 a4 38. Qd2 axb3 39. axb3 Bxb3 40.
Re1 Qd6 41. Rc1 Bd5 42. Qf4 b3 43. Qf2 Qa3 44. Re1 b2 45. Rb1 Be4 46. Qxb2 Bxb1
47. Qxb1 Qc3 48. Qd3 Ra1+ 49. Kf2 Qe1+ 50. Kf3 Ra2 51. Ng4 g5 52. g3 Kg7 53. h4
Qh1+ 54. Ke3 Qg1+ 55. Kf3 Qg2+ 56. Ke3 56... Qxg3# {Hossa checkmated} 0-1

[Event "ICS rated blitz match"]
[Site "204.178.125.65"]
[Date "1999.10.16"]
[Round "?"]
[White "Hossa"]
[Black "Secret"]
[Result "0-1"]
[WhiteElo "2479"]
[BlackElo "2734"]
[PlyCount "153"]
[EventDate "1999.??.??"]

1. e4 e5 2. Nf3 Nc6 3. Bb5 a6 4. Ba4 Nf6 5. O-O d6 6. Re1 Bd7 7. c3 Be7 8. d4
O-O 9. Na3 exd4 10. cxd4 d5 11. exd5 Nxd5 12. Bb3 Bg4 13. Nc2 Bf6 14. Bxd5 Qxd5
15. Ne3 Qd7 16. Nxg4 Qxg4 17. h3 Qf5 18. Be3 Rfe8 19. Qb3 Qb5 20. Qxb5 axb5 21.
g4 Nb4 22. Rec1 c6 23. a3 Nd5 24. Bd2 g6 25. Re1 Bg7 26. Rac1 f5 27. g5 Re4 28.
Rcd1 Kf7 29. Kf1 Rae8 30. Bc3 Nf4 31. Ne5+ Bxe5 32. Rxe4 fxe4 33. dxe5 Re7 34.
h4 Ke6 35. Rd6+ Kf5 36. b3 Kg4 37. Bd2 Nd3 38. e6 Nc5 39. b4 Nxe6 40. Bc3 Nf4
41. Bf6 Rf7 42. Rd4 Kf3 43. Be5 Ng2 44. Rd6 e3 45. fxe3 Nxe3+ 46. Ke1 Nc4 47.
Re6 Kg4 48. Bf6 Rd7 49. Re4+ Kf3 50. Re2 Rd3 51. Bg7 Re3 52. Rxe3+ Kxe3 53. Kd1
Nxa3 54. Bb2 Nc4 55. Bg7 Kd3 56. Kc1 Ne3 57. Bf8 Kc3 58. Kb1 Nf5 59. Kc1 Nxh4
60. Be7 Ng2 61. Kd1 Ne3+ 62. Ke2 Nd5 63. Bc5 Nxb4 64. Bd6 Kc4 65. Bc7 Kd4 66.
Bd8 Nd5 67. Bf6+ Ke4 68. Bg7 Nf4+ 69. Kd2 Ne6 70. Bf6 Kf5 71. Kd3 Nxg5 72. Bd4
Ne4 73. Ba7 Ke5 74. Ke2 h5 75. Bb8+ Nd6 76. Bc7 Kd5 77. Bd8 {Hossa resigns} 0-1

[Event "ICS rated blitz match"]
[Site "204.178.125.65"]
[Date "1999.10.16"]
[Round "?"]
[White "Hossa"]
[Black "Secret"]
[Result "0-1"]
[WhiteElo "2481"]
[BlackElo "2738"]
[PlyCount "100"]
[EventDate "1999.??.??"]

1. e4 e5 2. Nf3 Nf6 3. Nxe5 d6 4. Nf3 Nxe4 5. c4 Be7 6. Be2 O-O 7. Nc3 f5 8. d4
Be6 9. O-O Nxc3 10. bxc3 Nd7 11. Bd3 Bf6 12. Qc2 g6 13. Re1 Re8 14. Rb1 Nb6 15.
d5 Bf7 16. Rxe8+ Bxe8 17. Bh6 Bf7 18. a4 a5 19. Nd4 Bxd4 20. cxd4 Qf6 21. c5
Nxd5 22. cxd6 cxd6 23. Rxb7 Qxd4 24. Qb3 Re8 25. Bf1 f4 26. g4 Nc7 27. Qc2 f3
28. Qd2 Qxg4+ 29. Kh1 Re2 30. Qxa5 Rxf2 31. Qe1 Rxf1+ 32. Qxf1 f2 33. Rb8+ Ne8
34. h3 Qh5 35. Qxf2 Qxh6 36. Kh2 Qg5 37. Rb7 Qe5+ 38. Kg1 Bd5 39. Ra7 Qa1+ 40.
Kh2 Ng7 41. Ra5 Qh1+ 42. Kg3 Nh5+ 43. Kh4 Qe4+ 44. Kg5 Qe5+ 45. Kh6 Qg7+ 46.
Kg5 h6+ 47. Kg4 Qd7+ 48. Kh4 Qe7+ 49. Qf6 Qe4+ 50. Qf4 50... Qxf4# {
Hossa checkmated} 0-1

[Event "ICS rated blitz match"]
[Site "204.178.125.65"]
[Date "1999.10.16"]
[Round "?"]
[White "Hossa"]
[Black "Secret"]
[Result "1-0"]
[WhiteElo "2470"]
[BlackElo "2766"]
[PlyCount "159"]
[EventDate "1999.??.??"]

1. e4 e5 2. Nf3 Nc6 3. Bb5 a6 4. Ba4 Nf6 5. O-O Be7 6. Re1 b5 7. Bb3 O-O 8. c3
d6 9. h3 Na5 10. Bc2 c5 11. d4 Qc7 12. Bg5 cxd4 13. cxd4 Be6 14. d5 Rac8 15.
Bxf6 Bxf6 16. dxe6 Qxc2 17. exf7+ Kh8 18. Qxc2 Rxc2 19. Rd1 Nb7 20. b3 Rxf7 21.
Ne1 Rcc7 22. a4 bxa4 23. bxa4 g6 24. Ra3 Rc4 25. Nc3 Bg5 26. Nf3 Bf4 27. h4 Kg8
28. Kf1 Kf8 29. Ng5 Bxg5 30. hxg5 Ke7 31. Kg1 Nc5 32. f3 Ke6 33. Rb1 Rb7 34.
Rxb7 Nxb7 35. g3 Nc5 36. Kf2 Rd4 37. a5 Rd2+ 38. Kf1 Rh2 39. g4 Kd7 40. Kg1 Rb2
41. Nd5 Kc6 42. Nf6 Nb3 43. Nxh7 Kb5 44. Nf8 Kb4 45. Rxb3+ Rxb3 46. Kf2 Kxa5
47. Nxg6 Rb2+ 48. Kg3 Rb7 49. Nh4 Re7 50. Nf5 Re6 51. Kh4 Kb6 52. Kh5 a5 53. g6
Re8 54. g7 d5 55. exd5 Rg8 56. Kg6 a4 57. Kf7 Rb8 58. Nd6 a3 59. Nc4+ Kc5 60.
Nxa3 e4 61. fxe4 Rb7+ 62. Kg6 Rb8 63. Kh7 Kd4 64. g8=Q Rxg8 65. Kxg8 Kc5 66. e5
Kxd5 67. e6 Kxe6 68. Kg7 Ke7 69. g5 Ke6 70. g6 Kf5 71. Kf7 Ke5 72. g7 Kd4 73.
g8=Q Kd5 74. Qh8 Ke4 75. Qc3 Kf4 76. Nc4 Ke4 77. Kf6 Kd5 78. Ne5 Ke4 79. Qd3+
Kf4 80. Qf3# {Secret checkmated} 1-0

[Event "ICS rated blitz match"]
[Site "204.178.125.65"]
[Date "1999.10.16"]
[Round "?"]
[White "Hossa"]
[Black "Secret"]
[Result "0-1"]
[WhiteElo "2480"]
[BlackElo "2756"]
[PlyCount "107"]
[EventDate "1999.??.??"]

1. e4 c5 2. Nf3 e6 3. d4 cxd4 4. Nxd4 Nf6 5. Nc3 d6 6. g4 h6 7. Bg2 Nc6 8. Nxc6
bxc6 9. O-O e5 10. f3 Ba6 11. Re1 Be7 12. Rb1 O-O 13. f4 Rb8 14. Qf3 Qd7 15.
Bh3 Qc7 16. fxe5 dxe5 17. Rd1 Rfd8 18. Rxd8+ Rxd8 19. Be3 Qa5 20. Bxa7 c5 21.
Nd5 Nxd5 22. exd5 Qc7 23. Qe4 Qxa7 24. Rd1 Bb7 25. c4 Qxa2 26. Qxe5 Bf6 27. Qe2
Qxb2 28. Qxb2 Bxb2 29. Rb1 Bd4+ 30. Kh1 Rb8 31. Bg2 Be5 32. Be4 Ba6 33. Rxb8+
Bxb8 34. Bd3 Be5 35. h4 g6 36. Kg2 Kf8 37. Kf3 Ke7 38. Ke4 Kd6 39. Be2 Bc8 40.
Bd1 f5+ 41. gxf5 Bxf5+ 42. Kf3 Bf6 43. Kg3 Bd3 44. Bb3 Ke5 45. Kh3 Kd4 46. d6
Bf5+ 47. Kg3 Be5+ 48. Kf3 Bxd6 49. Kf2 Bd3 50. Kf3 Bxc4 51. Bc2 Bd3 52. Ba4 c4
53. Bd1 c3 54. Bb3 {Hossa resigns} 0-1

[Event "ICS rated blitz match"]
[Site "204.178.125.65"]
[Date "1999.10.17"]
[Round "?"]
[White "Hossa"]
[Black "Secret"]
[Result "0-1"]
[WhiteElo "2559"]
[BlackElo "2714"]
[PlyCount "93"]
[EventDate "1999.??.??"]

1. c4 Nf6 2. g3 g6 3. Bg2 Bg7 4. Nc3 O-O 5. d4 d6 6. Nf3 c5 7. dxc5 dxc5 8. O-O
Nc6 9. Bg5 Be6 10. Nd2 Rc8 11. e4 Ng4 12. Nb3 Qxd1 13. Rfxd1 Bxc4 14. Nxc5 Bd4
15. Rxd4 Nxd4 16. Bxe7 Rfe8 17. Bd6 b6 18. N5a4 Rcd8 19. Bc7 Rd7 20. Bf4 Ne6
21. Bh3 Nxf4 22. gxf4 Be6 23. Rc1 Rc8 24. f3 Nf6 25. Bf1 Nh5 26. Ba6 Rcd8 27.
Ne2 Bxa2 28. b4 Rd1+ 29. Rxd1 Rxd1+ 30. Kf2 Rb1 31. b5 Bc4 32. Nac3 Rb3 33. f5
gxf5 34. exf5 Ng7 35. f6 Ne6 36. Bc8 Nc5 37. Kg3 Na4 38. Nxa4 Bxe2 39. Bd7
Rxf3+ 40. Kg2 Ra3 41. Nxb6 axb6 42. Kf2 Bc4 43. Bc6 Rh3 44. Kg2 Rh6 45. Kg3
Rxf6 46. Kg4 Rf1 47. Kg5 {Hossa resigns} 0-1

[Event "ICS rated blitz match"]
[Site "204.178.125.65"]
[Date "1999.10.16"]
[Round "?"]
[White "Hossa"]
[Black "Secret"]
[Result "0-1"]
[WhiteElo "2436"]
[BlackElo "2675"]
[PlyCount "134"]
[EventDate "1999.??.??"]

1. c4 Nf6 2. Nf3 e6 3. d4 b6 4. Nc3 Bb7 5. Bg5 Be7 6. e3 h6 7. Bh4 Ne4 8. Bxe7
Qxe7 9. Bd3 Nxc3 10. bxc3 c5 11. O-O d6 12. Bc2 O-O 13. Qd3 f5 14. Qe2 Nc6 15.
Ba4 e5 16. Rae1 Na5 17. d5 e4 18. Nd2 Qe5 19. Rc1 Ba6 20. Rfe1 Rf7 21. Bb3 Raf8
22. Qh5 Re7 23. f3 exf3 24. Qxf3 Rff7 25. Qf2 f4 26. exf4 Qxf4 27. Qxf4 Rxe1+
28. Rxe1 Rxf4 29. Re6 Rf6 30. Rxf6 gxf6 31. Kf2 Kf7 32. Ke3 Bc8 33. Ba4 Bf5 34.
a3 a6 35. Bc6 Nxc6 36. dxc6 Be6 37. Kf4 Ke7 38. Ne4 Bxc4 39. Ng3 Be6 40. Nf5+
Bxf5 41. Kxf5 d5 42. c7 Kd7 43. c8=Q+ Kxc8 44. g4 Kc7 45. h4 c4 46. Kf4 Kc6 47.
Kf3 Kc5 48. Ke3 b5 49. Kd2 d4 50. Kc2 Kd5 51. cxd4 Kxd4 52. Kd2 a5 53. Kc2 b4
54. axb4 axb4 55. Kd2 Ke4 56. Kc2 Kf4 57. g5 fxg5 58. h5 b3+ 59. Kc3 g4 60. Kb2
g3 61. Kc3 g2 62. Kd2 g1=Q 63. Kc3 Qe3+ 64. Kb4 b2 65. Kb5 b1=Q+ 66. Kc6 Qe6+
67. Kc7 67... Qbb6# {Hossa checkmated} 0-1

[Event "ICS rated blitz match"]
[Site "204.178.125.65"]
[Date "1999.10.16"]
[Round "?"]
[White "Hossa"]
[Black "Secret"]
[Result "0-1"]
[WhiteElo "2424"]
[BlackElo "2687"]
[PlyCount "124"]
[EventDate "1999.??.??"]

1. d4 Nf6 2. c4 e6 3. Nc3 Bb4 4. e3 b6 5. Bd2 Bb7 6. Nge2 c5 7. a3 Ba5 8. b4
cxb4 9. Nb5 d5 10. axb4 a6 11. Na3 b5 12. bxa5 dxc4 13. Ng3 Qc7 14. Rc1 Nc6 15.
Nxc4 bxc4 16. Bxc4 O-O 17. Nh5 Nxh5 18. Qxh5 e5 19. d5 g6 20. Qh6 Nxa5 21. Bxa6
Qd7 22. Bxb7 Nxb7 23. Bb4 Rfc8 24. O-O Rxc1 25. Rxc1 Qxd5 26. Be7 Qd2 27. Rb1
Nd6 28. Bf6 Nf5 29. Qh3 Qc2 30. Rf1 e4 31. g4 Ra6 32. Ba1 Ng7 33. Qh6 Ne6 34.
Bf6 Ra3 35. g5 Ra5 36. f3 Ra2 37. Qh3 exf3 38. Rxf3 Qe2 39. e4 Rc2 40. Rf1 Qd2
41. Qg3 h6 42. gxh6 Qxh6 43. Kh1 Re2 44. Rb1 Nf8 45. Rd1 Rxe4 46. Qg2 Qe3 47.
Qg3 Qb6 48. Qf3 Re3 49. Qf4 Qc6+ 50. Kg1 Re4 51. Qg5 Re2 52. Rf1 Nh7 53. Qg4
Re4 54. Qg2 Qc4 55. h3 Nxf6 56. Qf2 Qd3 57. Qxf6 Qg3+ 58. Kh1 Qxh3+ 59. Kg1
Rg4+ 60. Kf2 Rg2+ 61. Ke1 Qe3+ 62. Kd1 62... Qd2# {Hossa checkmated} 0-1

[Event "ICS rated blitz match"]
[Site "204.178.125.65"]
[Date "1999.10.16"]
[Round "?"]
[White "Hossa"]
[Black "Secret"]
[Result "1/2-1/2"]
[WhiteElo "2475"]
[BlackElo "2761"]
[PlyCount "102"]
[EventDate "1999.??.??"]

1. Nf3 d5 2. c4 c6 3. d4 Nf6 4. Nc3 e6 5. e3 Be7 6. Bd3 dxc4 7. Bxc4 b5 8. Bd3
a6 9. e4 Bb7 10. Bg5 h6 11. Be3 Nbd7 12. O-O c5 13. e5 Ng4 14. Be4 Qb6 15. dxc5
Nxc5 16. Bd4 Bxe4 17. Nxe4 f5 18. exf6 Nxf6 19. Nxf6+ gxf6 20. b4 e5 21. Be3
Rd8 22. Qc2 Kf7 23. bxc5 Qe6 24. Rac1 Rhg8 25. Qh7+ Rg7 26. Qxh6 Rxg2+ 27. Kh1
Rdg8 28. Qh5+ R2g6 29. Rc2 Qc6 30. Rc3 Ke6 31. Qh3+ Kf7 32. a3 Rg4 33. Rd1 Qe4
34. Bd2 Qf5 35. Rf1 Bf8 36. c6 e4 37. Nd4 Qg6 38. Ne2 Bd6 39. f3 Rg2 40. Bf4
Bxf4 41. Qd7+ Kf8 42. Qc8+ Ke7 43. Qb7+ Kf8 44. Qa8+ Kf7 45. Qa7+ Ke8 46. Qd7+
Kf8 47. Qc8+ Ke7 48. Qb7+ Kf8 49. Qa8+ Kf7 50. Qa7+ Ke8 51. Qd7+ 51... Kf8 {
Game drawn by repetition} 1/2-1/2

[Event "ICS rated blitz match"]
[Site "204.178.125.65"]
[Date "1999.10.16"]
[Round "?"]
[White "Hossa"]
[Black "Secret"]
[Result "0-1"]
[WhiteElo "2472"]
[BlackElo "2710"]
[PlyCount "106"]
[EventDate "1999.??.??"]

1. e4 e5 2. Nf3 Nc6 3. Bb5 a6 4. Ba4 Nf6 5. O-O Bc5 6. d3 b5 7. Bb3 O-O 8. Be3
d6 9. a4 Bg4 10. axb5 axb5 11. Rxa8 Qxa8 12. Nc3 Qa6 13. Bxc5 dxc5 14. Nd5 Nxd5
15. Bxd5 Nd4 16. Qa1 Qxa1 17. Rxa1 Bxf3 18. gxf3 Nxc2 19. Rc1 Nd4 20. Rxc5 c6
21. Rxc6 Nxc6 22. Bxc6 g5 23. b4 Rc8 24. Bxb5 Rb8 25. Bc4 Rxb4 26. Kg2 Rb1 27.
Ba2 Rb2 28. Bc4 Kg7 29. Kg3 h6 30. Kg2 Kg6 31. Kf1 f5 32. Kg2 f4 33. Be6 Kf6
34. Bd5 Rd2 35. Bc4 Ke7 36. Kf1 Rd1+ 37. Kg2 Kd7 38. Bb5+ Kd6 39. Bc4 Kc5 40.
Kh3 Rg1 41. Be6 Kd4 42. Bc4 Kc3 43. Ba6 Kd2 44. Bc8 Ke1 45. d4 exd4 46. Ba6
Kxf2 47. e5 h5 48. Bc4 Rg2 49. Bf7 d3 50. Bxh5 d2 51. Bg6 d1=Q 52. Be4 Qf1 53.
e6 53... Rg3# {Hossa checkmated} 0-1

[Event "ICS rated blitz match"]
[Site "204.178.125.65"]
[Date "1999.09.06"]
[Round "?"]
[White "Hossa"]
[Black "Sethus"]
[Result "1-0"]
[WhiteElo "2507"]
[BlackElo "2279"]
[PlyCount "61"]
[EventDate "1999.??.??"]

1. d4 d5 2. c4 e6 3. Nc3 c6 4. e4 dxe4 5. Nxe4 Nf6 6. Nxf6+ Qxf6 7. a3 Bd6 8.
Nf3 h6 9. Bd3 O-O 10. O-O c5 11. d5 exd5 12. cxd5 Bg4 13. Re1 Nd7 14. Be4 Rfe8
15. h3 Bxf3 16. Bxf3 Rxe1+ 17. Qxe1 Ne5 18. Be2 Re8 19. Be3 b6 20. Qd2 Qg6 21.
Re1 Qf6 22. Qc2 Ng6 23. Qa4 Re7 24. Qc6 Nf4 25. Qa8+ Kh7 26. Bxf4 Qxf4 27. Bd3+
g6 28. Rxe7 Qh2+ 29. Kf1 Bxe7 30. Qe8 Qh1+ 31. Ke2 {Sethus resigns} 1-0

[Event "ICS rated blitz match"]
[Site "204.178.125.65"]
[Date "1999.08.31"]
[Round "?"]
[White "Hossa"]
[Black "Sidis"]
[Result "1-0"]
[WhiteElo "2547"]
[BlackElo "2179"]
[PlyCount "117"]
[EventDate "1999.??.??"]

1. c4 e5 2. Nc3 Nf6 3. e3 d5 4. cxd5 Nxd5 5. d4 exd4 6. exd4 Bb4 7. Bd2 O-O 8.
Be2 Nc6 9. Nf3 Bg4 10. O-O Re8 11. Re1 Qd7 12. a3 Bxc3 13. bxc3 Nf6 14. Rb1 b6
15. Qc2 Rad8 16. Bg5 Qd6 17. Qd3 h6 18. Bh4 g5 19. Bg3 Qd7 20. Rbc1 Bf5 21. Qa6
Ne4 22. Ne5 Nxe5 23. Bxe5 f6 24. Bc4+ Kg7 25. Bg3 Nxg3 26. fxg3 Rxe1+ 27. Rxe1
c5 28. Bb5 Qc7 29. Qa4 cxd4 30. cxd4 a6 31. Qb4 Qd6 32. Re7+ Kf8 33. Re8+ Kg7
34. Rxd8 Qxd8 35. Bxa6 Qc7 36. d5 Qc1+ 37. Kf2 Qc2+ 38. Be2 Bd3 39. Qe7+ Kg6
40. Qe3 Bxe2 41. Qxe2 Qc5+ 42. Qe3 Qxd5 43. g4 Qa2+ 44. Kf3 Qd5+ 45. Qe4+ Qxe4+
46. Kxe4 Kf7 47. Kd5 Kg6 48. Kc6 f5 49. a4 f4 50. Kxb6 Kf6 51. a5 Ke5 52. a6
Ke4 53. a7 Ke3 54. a8=Q Kf2 55. Qc6 Kg1 56. Qxh6 Kf2 57. Qxg5 Kxg2 58. Qxf4 Kg1
59. Qf3 {Sidis resigns} 1-0

[Event "ICS rated blitz match"]
[Site "204.178.125.65"]
[Date "1999.09.15"]
[Round "?"]
[White "Hossa"]
[Black "Sidis"]
[Result "1-0"]
[WhiteElo "2338"]
[BlackElo "2117"]
[PlyCount "49"]
[EventDate "1999.??.??"]

1. Nf3 f5 2. d4 Nf6 3. e3 d6 4. Bd3 g6 5. c4 Bg7 6. O-O O-O 7. b3 Qe8 8. Ba3
Nbd7 9. Nc3 c6 10. Ng5 Nb8 11. Rc1 h6 12. Nh3 g5 13. f4 g4 14. Nf2 h5 15. Qc2
Nh7 16. Ne2 Qd8 17. Qd2 h4 18. Bb4 b6 19. Qc2 e6 20. Nxg4 fxg4 21. Bxh7+ Kh8
22. Qg6 Qf6 23. Bxd6 Qxg6 24. Bxg6 Rf6 25. Bh5 {Sidis resigns} 1-0

[Event "ICS rated blitz match"]
[Site "204.178.125.65"]
[Date "1999.09.27"]
[Round "?"]
[White "Hossa"]
[Black "Silmarillion"]
[Result "1-0"]
[WhiteElo "2495"]
[BlackElo "2115"]
[PlyCount "67"]
[EventDate "1999.??.??"]

1. d4 Nf6 2. c4 e6 3. Nf3 Be7 4. e3 d5 5. Nc3 b6 6. Bd3 Bb7 7. cxd5 exd5 8. O-O
Nbd7 9. Nh4 g6 10. Bd2 c6 11. Nf3 O-O 12. Re1 c5 13. Qe2 c4 14. Bb1 a6 15. e4
dxe4 16. Nxe4 Nxe4 17. Bxe4 Bxe4 18. Qxe4 Bf6 19. Qc6 Rc8 20. Qa4 Nb8 21. Bh6
Re8 22. Rxe8+ Qxe8 23. Qc2 Qd7 24. Rd1 b5 25. Qd2 Nc6 26. Kh1 Qd6 27. Bg5 Bg7
28. Kg1 Nb4 29. Bh6 Nd3 30. Bxg7 Kxg7 31. Qc2 Qd5 32. Rxd3 cxd3 33. Qxc8 Qxa2
34. Qc1 {Silmarillion resigns} 1-0

[Event "ICS rated blitz match"]
[Site "204.178.125.65"]
[Date "1999.09.25"]
[Round "?"]
[White "Hossa"]
[Black "Silmarillion"]
[Result "0-1"]
[WhiteElo "2514"]
[BlackElo "2271"]
[PlyCount "140"]
[EventDate "1999.??.??"]

1. d4 Nf6 2. h3 e6 3. Bf4 d5 4. g4 Nbd7 5. e3 a6 6. Bd3 c5 7. Nf3 Qb6 8. O-O c4
9. Be2 Qxb2 10. Nbd2 Qa3 11. g5 Nh5 12. Bh2 Bd6 13. Bxd6 Qxd6 14. Ne5 g6 15.
Bxh5 gxh5 16. Nxd7 Bxd7 17. Qxh5 O-O-O 18. Nf3 h6 19. gxh6 Rdg8+ 20. Kh1 Rg6
21. h7 Rg7 22. Qe5 Qxe5 23. dxe5 Rgxh7 24. Ng5 Rh5 25. Rg1 Rf8 26. Kh2 f6 27.
exf6 Rxf6 28. Rg2 e5 29. Rd1 Bc6 30. f3 Rg6 31. Nf7 Rxg2+ 32. Kxg2 Kd7 33. f4
exf4 34. exf4 Rf5 35. Ne5+ Kd6 36. Kg3 Kc5 37. c3 b5 38. a3 a5 39. Kg4 Rf8 40.
Nxc6 Kxc6 41. f5 Rd8 42. Kg5 d4 43. cxd4 b4 44. axb4 axb4 45. Kg6 c3 46. f6 Kd5
47. f7 c2 48. Rf1 b3 49. Kh5 b2 50. Rf5+ Kc4 51. f8=Q Rxf8 52. Rxf8 c1=Q 53.
Rc8+ Kxd4 54. Rd8+ Ke5 55. Re8+ Kf6 56. Rf8+ Kg7 57. Ra8 b1=Q 58. Ra7+ Kf6 59.
Ra6+ Ke5 60. Ra5+ Kf4 61. Ra4+ Ke3 62. Kh4 Qh7+ 63. Kg5 Qg1+ 64. Kf6 Qhg7+ 65.
Ke6 Q1g6+ 66. Kd5 Qd7+ 67. Kc5 Qgc6+ 68. Kb4 Qdb7+ 69. Ka3 Qc3+ 70. Ka2 70...
Qbb2# {Hossa checkmated} 0-1

[Event "ICS rated blitz match"]
[Site "204.178.125.65"]
[Date "1999.09.27"]
[Round "?"]
[White "Hossa"]
[Black "Silmarillion"]
[Result "1-0"]
[WhiteElo "2489"]
[BlackElo "2121"]
[PlyCount "61"]
[EventDate "1999.??.??"]

1. d4 e6 2. Nf3 Nf6 3. e3 d6 4. Bd3 Nbd7 5. O-O Be7 6. c4 O-O 7. Nc3 b6 8. e4
e5 9. Be3 Bb7 10. Nd5 Bxd5 11. cxd5 Re8 12. Rc1 a6 13. Qe2 b5 14. dxe5 Nxe5 15.
Nxe5 dxe5 16. Rc6 Bd6 17. Rfc1 Qd7 18. Rxa6 Rxa6 19. Bxb5 Qc8 20. Bxa6 Qb8 21.
Bb5 Rd8 22. f3 Nd7 23. Bc6 Nb6 24. Bg5 f6 25. Be3 Qa7 26. Ra1 Qa5 27. Qb5 Qa7
28. b4 Rb8 29. a4 Nc8 30. Bxa7 Rxb5 31. axb5 {Silmarillion resigns} 1-0

[Event "ICS rated blitz match"]
[Site "204.178.125.65"]
[Date "1999.09.14"]
[Round "?"]
[White "Hossa"]
[Black "SirChess"]
[Result "1-0"]
[WhiteElo "2412"]
[BlackElo "2092"]
[PlyCount "75"]
[EventDate "1999.??.??"]

1. Nf3 d5 2. d4 e6 3. c4 c6 4. Nc3 Nf6 5. Bg5 Be7 6. e3 Nbd7 7. Bd3 O-O 8. O-O
b6 9. cxd5 exd5 10. Qa4 Bb7 11. Bf5 h6 12. Bf4 Re8 13. Rac1 Nh5 14. Nxd5 cxd5
15. Bc7 Nc5 16. Rxc5 bxc5 17. Bxd8 Raxd8 18. Qxa7 Bc8 19. Bxc8 Rxc8 20. dxc5
Bxc5 21. Qb7 Nf6 22. Rc1 Rb8 23. Qc7 Rec8 24. Qa5 Bd6 25. Qd2 Rxc1+ 26. Qxc1
Rd8 27. Kf1 Be7 28. Qc7 Kf8 29. Ne5 Ke8 30. Nc6 Rd7 31. Qb8+ Bd8 32. f3 Ng8 33.
Ne5 Rc7 34. Qb5+ Kf8 35. Qxd5 Bf6 36. Qd6+ Re7 37. Qd8+ Re8 38. Nd7# {
SirChess checkmated} 1-0

[Event "ICS rated blitz match"]
[Site "204.178.125.65"]
[Date "1999.09.30"]
[Round "?"]
[White "Hossa"]
[Black "SirChess"]
[Result "1-0"]
[WhiteElo "2489"]
[BlackElo "2053"]
[Annotator "Fritz 5.32 (20s)"]
[PlyCount "57"]
[EventDate "1999.??.??"]

1. d4 d5 2. c4 e6 3. Nc3 c6 4. e4 dxe4 5. Nxe4 Nf6 6. Nxf6+ Qxf6 7. a3 (7. Nf3
Bb4+ 8. Bd2 Qe7 9. Be2 b6 10. O-O Bxd2 11. Qxd2 Bb7 12. Rfe1 Qd6 13. Rad1 O-O
14. Qc2 Nd7 15. Bd3 Nf6 16. Ne5 Rac8 17. Re3 g6 18. Rh3 Rc7 19. Qe2 c5 20. dxc5
Qxc5 21. Bb1 Kg7 22. Qe1 Kg8 23. b4 Qe7 24. Qd2 Nh5 25. g4 Nf6 26. g5 Nh5 27.
Nd7 Rxd7 28. Qxd7 Qxg5+ 29. Rg3 Nxg3 30. hxg3 Qg4 31. Qd4 31... Qf3 {
0-1 Bodrogi,L-Salamon,F/Budapest 1998/EXT 99 (31)}) 7... Nd7 8. Nf3 8... Qd8
$146 (8... h6 9. Bd3 Bd6 (9... b6 10. O-O Bb7 11. Be4 Qd8 12. Re1 Nf6 13. Bc2
Bd6 14. Ne5 Qc7 15. Qe2 Nd7 16. b4 Nxe5 17. dxe5 Be7 18. Rd1 c5 19. Ba4+ Bc6
20. b5 Bb7 21. Bf4 Rd8 22. Qe3 Rd7 23. Rxd7 Kxd7 24. Bc2 {
Arkhipov,S-Tabatadze,T/Belgorod 1989/TD/ - (47)}) 10. O-O g5 11. Be3 Qg7 12.
Re1 O-O 13. Bd2 Re8 14. Bc3 Qf8 15. Ne5 f5 16. Nf3 Nf6 17. Bc2 Bd7 18. b4 Rad8
19. d5 cxd5 20. Qd4 Be7 21. Ne5 Kg7 22. Nxd7 Rxd7 23. Rxe6 Red8 24. c5 f4 25.
Rae1 Qf7 26. Ba4 Rc7 27. Qe5 Qxe6 28. Qxe6 d4 29. Qe5 Bd6 30. cxd6 Rxc3 31.
Qe7+ {1-0 Kas Fromm,R-Botsari Miladinovic,A/Dortmund 1989/EXT 97 (31)}) 9. Bg5
Be7 10. Bxe7 Qxe7 11. Bd3 11... O-O $14 (11... c5 12. Bc2 $11) 12. O-O 12... h6
{Verwehrt dem Gegner g5} 13. b4 b6 14. Qd2 Bb7 15. Rae1 (15. Rfe1 15... Rfd8
$11) 15... Nf6 (15... a5 16. Rb1 $11) 16. Ne5 Rfd8 17. Qb2 Qc7 (17... a5 18.
bxa5 bxa5 19. Rb1 $14) 18. Re3 (18. f4 c5 19. dxc5 19... bxc5 $11) 18... c5 19.
dxc5 {Weiss gewinnt Raum} 19... bxc5 20. Rd1 Be4 21. Rd2 Bxd3 22. Rexd3 ({
Schlechter ist} 22. Nxd3 22... cxb4 23. axb4 23... Qxc4 $17) (22. Rdxd3 $6
22... Nd7 23. Rxd7 Rxd7 24. Nxd7 24... Qxd7 $11) 22... Rxd3 23. Rxd3 ({
Jedoch nicht} 23. Nxd3 23... cxb4 24. axb4 24... Qxc4 $17) 23... Rd8 24. Qd2
$15 (24. Qc3 24... Rd6 $11) 24... Rxd3 {Es droht Matt} 25. Nxd3 cxb4 26. Qxb4
Qd7 27. Qb8+ Kh7 28. Qb1 28... Qa4 $4 $18 {laesst den Gewinn aus} (28... Kg8
$11 $142 {geht wohl noch}) 29. Nc5+ (29. Nc5+ g6 30. Nxa4 $18) 1-0